Extrakcia a analýza webových vedeckých stránok

Enregistré dans:
Détails bibliographiques
Auteur principal: Králik, Filip (Auteur)
Autres auteurs: Nehéz, Martin (Directeur de thèse)
Format: Manuscrit Livre
Langue:slovaque
Publié: Bratislava : STU v Bratislave FEI, 2024
Sujets:
Accès en ligne:https://opac.crzp.sk/?fn=detailBiblioFormChildESKD7&sid=4F9CB80EDA44B4B665013D797770&seo=CRZP-detail-kniha
Tags: Ajouter un tag
Pas de tags, Soyez le premier à ajouter un tag!

MARC

LEADER 00000ntm a22000003a 4500
001 stuzp97858
003 SK-STU
005 20250502123158.7
007 ta
008 150427s2015----xo-----f-mn---000-0-slo-d
040 |a STU  |b slo 
041 0 |a slo 
044 |a xo 
100 1 |a Králik, Filip  |u 035000  |4 aut  |U FEI Fakulta elektrotechniky a informatiky  |T FEI Ústav informatiky a matematiky  |X 74376  |U E050  |Y 816  |7 74376 
242 0 1 |a Scraping and analysis of scientific web pages  |y eng 
245 1 0 |a Extrakcia a analýza webových vedeckých stránok 
260 |a Bratislava :  |b STU v Bratislave FEI,  |c 2024 
300 |a 73 s. 
650 4 |a extrakcia a analýza dát  |2 slo 
650 4 |a vedecké informácie  |2 slo 
650 4 |a Scopus API  |2 slo 
650 4 |a Elasticsearch  |2 slo 
650 4 |a koeficient zhlukovania  |2 slo 
650 4 |a Jaccardov koeficient  |2 slo 
650 4 |a Vennov diagram  |2 slo 
650 4 |a extraction and analysis of data  |2 eng 
650 4 |a clustering coefficient  |2 eng 
650 4 |a Jaccard index  |2 eng 
650 4 |a Venn diagram  |2 eng 
650 4 |a scientific information  |2 eng 
650 4 |a Scopus API  |2 eng 
650 4 |a Elasticsearch  |2 eng 
700 1 |a Nehéz, Martin  |u 035000  |k Z1  |4 ths  |U FEI Fakulta elektrotechniky a informatiky  |T FEI Ústav informatiky a matematiky  |X 38260  |U E050  |Y 816  |7 A0000038260 
856 4 |u https://opac.crzp.sk/?fn=detailBiblioFormChildESKD7&sid=4F9CB80EDA44B4B665013D797770&seo=CRZP-detail-kniha